[Event "FRA-chT2 0304"]
[Site "France"]
[Date "2004.01.17"]
[Round "5"]
[White "Estevez, Daniel"]
[Black "Marx, Lea"]
[Result "1-0"]
[WhiteElo "1630"]
[BlackElo "1957"]
[PlyCount "61"]
[EventDate "2003.10.??"]
[EventType "team-tourn"]
[EventRounds "11"]
[EventCountry "FRA"]
[SourceTitle "EXT 2005"]
[Source "ChessBase"]
[SourceDate "2004.11.15"]
[SourceVersion "1"]
[SourceVersionDate "2004.11.15"]
[SourceQuality "1"]

1. e4 c6 2. Nc3 d5 3. Nf3 e6 4. d4 Bb4 5. e5 Bd7 6. Bd3 c5 7. a3 cxd4 8. Nxd4 Bxc3+ 9. bxc3 Qc7 10. 0-0 Qxe5 11. Qg4 h5 12. Qh4 Qc7 13. Qg5 Ne7 14. Bf4 Qxc3 15. Bd6 Nbc6 16. Nb5 Qf6 17. Nc7+ Kd8 18. Qxf6 gxf6 19. Nxa8 Nc8 20. Bb4 d4 21. c4 e5 22. f4 Be6 23. Rac1 Rg8 24. fxe5 fxe5 25. Bf5 Rg7 26. Bf8 Rg8 27. Bxe6 fxe6 28. Rcd1 Rh8 29. c5 Rg8 30. Rf7 Ke8 31. Rdf1 1-0